|
|
|
|
| LEADER |
01157nas a22002413u 4500 |
| 001 |
10108536 |
| 003 |
GR-PaULI |
| 005 |
20250626115638.0 |
| 008 |
991022s1974 q eng d |
| 022 |
|
|
|a 0303-1268
|l 0303-1268
|
| 041 |
0 |
|
|a eng
|
| 082 |
|
|
|2 23
|a 001.6
|
| 245 |
1 |
0 |
|a Euromicro newsletter
|h [περιοδικό] :
|b The International Journal of Microprocessing and Microprogramming
|
| 260 |
|
|
|a Amsterdam
|b The European Association for Microprocessing and Microprogramming
|b North-Holland
|c 1974 1980
|
| 300 |
|
|
|3 τχ.:
|a 26 εκ.
|b εικ.;
|
| 362 |
|
|
|6 Αρχιδε με το τεύχος 1(1974)
|
| 500 |
|
|
|a Απο το 1981 συνεχίζεται με τον τίτλο : Microprocessing and Microprogramming Χρώμα: Μπλέ
|
| 588 |
|
|
|5 Η περιγραφή βασίζεται στο τεύχος 1(1974)
|
| 650 |
|
4 |
|a Μικροεπεξεργαστές
|v Περιοδικά.
|9 210330
|
| 866 |
|
|
|a τχ. 1-5(1974-1975)-τχ. 1-4(1976)-τχ. 1-4(1977)
|
| 942 |
|
|
|2 ddc
|s
|c JNL
|
| 952 |
|
|
|0 0
|1 0
|2 ddc
|4 0
|6 001_600000000000000
|7 1
|9 390096
|a LISP
|b LISP
|c SER
|d 2025-05-14
|i 2981
|l 0
|o 001.6
|r 2025-05-14 10:17:09
|w 2025-05-14
|y JNL
|
| 999 |
|
|
|c 12248
|d 12248
|